|
|
|
|
| LEADER |
01258cam a2200265 4500 |
| 001 |
2251582 |
| 005 |
20210117210347.0 |
| 008 |
711112m19711972njua b 001 0 eng |
| 020 |
|
|
|a 0810804271 (τ.1)
|
| 040 |
|
|
|a GR-PaULI
|c GR-PaULI
|d
|b gre
|e AACR2
|
| 041 |
|
|
|a eng
|
| 082 |
0 |
0 |
|a 025.7
|2 23
|
| 100 |
1 |
|
|a Cunha, George Daniel Martin
|9 161239
|e συγγραφέας
|
| 245 |
1 |
0 |
|a Conservation of library materials :
|b a manual and bibliography on the care, repair, and restoration of library materials /
|c by George Martin Cunha and Dorothy Grant Cunha.
|
| 250 |
|
|
|a 2nd ed.
|
| 260 |
|
|
|a Metuchen :
|b Scarecrow Press,
|c 1971-1972.
|
| 300 |
|
|
|a 2 τ. :
|b εικ. ;
|c 22 εκ.
|
| 500 |
|
|
|a τ. 1. - xvi, 406 σ. - 1971 --
|
| 504 |
|
|
|a Περιλαμβάνει βιβλιογραφία
|
| 650 |
|
0 |
|a Βιβλιοθήκες
|x Υλικό
|x Συντήρηση και αποκατάσταση
|x Βιβλιογραφία
|9 161240
|
| 700 |
1 |
|
|a Cunha, Dorothy Grant
|e συγγραφέας
|9 161241
|
| 942 |
|
|
|2 ddc
|c BKN
|
| 952 |
|
|
|0 0
|1 0
|2 ddc
|3 τ.1
|4 0
|6 025_700000000000000_CUN
|7 0
|9 211302
|a LISP
|b LISP
|c DON
|d 2017-04-03
|e ΧΡΙ
|i 136143
|l 0
|o 025.7 CUN
|p 025000254166
|r 2017-04-03 00:00:00
|t 1
|v 2017.00
|w 2017-04-03
|y BKN
|
| 998 |
|
|
|c ΜΠΟΥΡΑΣ
|d 2017-04
|
| 999 |
|
|
|c 128631
|d 128631
|